[Event "Greek Team Championship"]
[Site "chess24.com"]
[Date "2017.07.03"]
[Round "1"]
[White "Palaskos, Ahileas"]
[Black "Kalogridis, Themistoklis"]
[Result "1-0"]
[Board "4"]
[WhiteElo "1803"]
[WhiteCountry "GRE"]
[WhiteFideId "4218604"]
[WhiteEloChange "2"]
[BlackElo "1062"]
[BlackCountry "GRE"]
[BlackFideId "25841475"]
[BlackEloChange "-2"]

1. e4 {[%clk 1:30:55]} d6 {[%clk 1:30:56]} 2. d4 {[%clk 1:31:00]} Nf6 {[%clk
1:31:20]} 3. Nc3 {[%clk 1:31:13]} c6 {[%clk 1:31:46]} 4. f3 {[%clk 1:30:40]} e5
{[%clk 1:31:38]} 5. Be3 {[%clk 1:30:16]} Nbd7 {[%clk 1:31:45]} 6. Qd2 {[%clk
1:29:48]} Be7 {[%clk 1:31:42]} 7. Bd3 {[%clk 1:29:43]} O-O {[%clk 1:31:44]} 8.
Nge2 {[%clk 1:29:50]} Qc7 {[%clk 1:31:57]} 9. O-O {[%clk 1:28:50]} exd4 {[%clk
1:31:49]} 10. Nxd4 {[%clk 1:27:55]} c5 {[%clk 1:31:46]} 11. Nf5 {[%clk 1:27:31]}
Ne5 {[%clk 1:31:11]} 12. Nxe7+ {[%clk 1:24:10]} Qxe7 {[%clk 1:31:37]} 13. Bg5
{[%clk 1:23:58]} Nxd3 {[%clk 1:31:34]} 14. Qxd3 {[%clk 1:22:48]} Qe5 {[%clk
1:28:44]} 15. Bxf6 {[%clk 1:04:55]} Qxf6 {[%clk 1:29:09]} 16. Rad1 {[%clk
1:05:17]} Rd8 {[%clk 1:28:58]} 17. Rfe1 {[%clk 0:59:19]} Be6 {[%clk 1:27:08]} 18.
b3 {[%clk 0:51:34]} Rd7 {[%clk 1:25:06]} 19. Nd5 {[%clk 0:42:14]} Bxd5 {[%clk
1:23:55]} 20. Qxd5 {[%clk 0:42:24]} Qe6 {[%clk 1:23:19]} 21. Qd3 {[%clk 0:24:18]}
Rad8 {[%clk 1:22:29]} 22. c4 {[%clk 0:24:17]} h6 {[%clk 1:22:04]} 23. Qc2 {[%clk
0:23:38]} Qg6 {[%clk 1:21:56]} 24. Rd5 {[%clk 0:23:08]} Kf8 {[%clk 1:21:48]} 25.
Red1 {[%clk 0:23:10]} Ke7 {[%clk 1:21:58]} 26. Qf2 {[%clk 0:22:45]} Qe6 {[%clk
1:20:45]} 27. h4 {[%clk 0:19:22]} Kf8 {[%clk 1:20:09]} 28. h5 {[%clk 0:18:47]}
Ke7 {[%clk 1:20:10]} 29. Qg3 {[%clk 0:17:29]} Kf8 {[%clk 1:19:57]} 30. Re1 {[%clk
0:16:12]} Re8 {[%clk 1:20:03]} 31. Red1 {[%clk 0:12:48]} Red8 {[%clk 1:20:26]}
32. R1d2 {[%clk 0:13:17]} Kg8 {[%clk 1:19:55]} 33. Qf4 {[%clk 0:12:34]} Kf8
{[%clk 1:19:30]} 34. g4 {[%clk 0:12:30]} Qf6 {[%clk 1:18:41]} 35. Rf5 {[%clk
0:12:13]} Qe7 {[%clk 1:18:17]} 36. g5 {[%clk 0:11:00]} hxg5 {[%clk 1:18:11]} 37.
Rxg5 {[%clk 0:11:13]} Kg8 {[%clk 1:18:00]} 38. Rdg2 {[%clk 0:07:33]} f6 {[%clk
1:18:05]} 39. Rg6 {[%clk 0:07:21]} Rf8 {[%clk 1:18:19]} 40. Qf5 {[%clk 0:34:42]}
Kh7 {[%clk 1:47:42]} 41. Rxg7+ {[%clk 0:34:33]} 1-0

[Event "Greek Team Championship"]
[Site "chess24.com"]
[Date "2017.07.03"]
[Round "1"]
[White "Amiridou, Dimitra"]
[Black "Vafiadou, Asimenia"]
[Result "1-0"]
[Board "5"]
[WhiteElo "1803"]
[WhiteCountry "GRE"]
[WhiteFideId "4218230"]
[WhiteEloChange "7"]
[BlackElo "1692"]
[BlackCountry "GRE"]
[BlackFideId "4218914"]
[BlackEloChange "-7"]

1. e4 {[%clk 1:30:56]} d5 {[%clk 1:30:53]} 2. exd5 {[%clk 1:31:12]} Qxd5 {[%clk
1:31:15]} 3. Nc3 {[%clk 1:31:23]} Qd6 {[%clk 1:31:39]} 4. d4 {[%clk 1:31:27]} Nf6
{[%clk 1:32:01]} 5. Nf3 {[%clk 1:31:26]} Bg4 {[%clk 1:31:30]} 6. Be2 {[%clk
1:22:51]} a6 {[%clk 1:31:32]} 7. Ne5 {[%clk 1:08:20]} Bxe2 {[%clk 1:31:07]} 8.
Nxe2 {[%clk 1:08:43]} Nc6 {[%clk 1:22:18]} 9. Bf4 {[%clk 0:49:23]} Qb4+ {[%clk
1:08:31]} 10. c3 {[%clk 0:30:31]} Qb5 {[%clk 1:05:38]} 11. a4 {[%clk 0:29:18]}
Qd5 {[%clk 1:01:26]} 12. O-O {[%clk 0:29:18]} e6 {[%clk 0:50:33]} 13. Re1 {[%clk
0:21:37]} Nxe5 {[%clk 0:45:15]} 14. Bxe5 {[%clk 0:21:58]} Qd7 {[%clk 0:17:20]}
15. Nf4 {[%clk 0:17:59]} Bd6 {[%clk 0:14:37]} 16. Qf3 {[%clk 0:14:44]} O-O-O
{[%clk 0:11:09]} 17. Nd3 {[%clk 0:14:56]} h5 {[%clk 0:07:07]} 18. Bxf6 {[%clk
0:07:42]} gxf6 {[%clk 0:07:32]} 19. Qxf6 {[%clk 0:08:08]} Rdg8 {[%clk 0:06:34]}
20. Ne5 {[%clk 0:07:33]} Bxe5 {[%clk 0:05:48]} 21. Rxe5 {[%clk 0:07:59]} h4
{[%clk 0:03:09]} 22. h3 {[%clk 0:07:59]} Qe8 {[%clk 0:02:33]} 23. Rg5 {[%clk
0:07:54]} Qc6 {[%clk 0:01:21]} 24. f3 {[%clk 0:07:38]} Qd7 {[%clk 0:01:09]} 25.
Rxg8+ {[%clk 0:07:52]} Rxg8 {[%clk 0:01:34]} 26. Qxh4 {[%clk 0:08:19]} Qd5 {[%clk
0:01:38]} 27. Qe4 {[%clk 0:07:00]} Qh5 {[%clk 0:01:49]} 28. Kh2 {[%clk 0:06:56]}
Qh6 {[%clk 0:01:32]} 29. b4 {[%clk 0:06:34]} Qd2 {[%clk 0:01:29]} 30. Rg1 {[%clk
0:05:50]} Qf2 {[%clk 0:01:00]} 31. Qe1 {[%clk 0:05:36]} Qc2 {[%clk 0:01:04]} 32.
a5 {[%clk 0:04:56]} Qa2 {[%clk 0:00:56]} 33. Qf1 {[%clk 0:03:49]} Qd2 {[%clk
0:01:11]} 34. b5 {[%clk 0:02:23]} axb5 {[%clk 0:00:45]} 35. Qxb5 {[%clk 0:02:45]}
Qxc3 {[%clk 0:01:07]} 36. Rb1 {[%clk 0:03:05]} Rxg2+ {[%clk 0:00:36]} 37. Kxg2
{[%clk 0:03:23]} Qd2+ {[%clk 0:01:03]} 38. Kg3 {[%clk 0:03:46]} Qxd4 {[%clk
0:00:53]} 39. Qe8+ {[%clk 0:03:59]} 1-0

[Event "Greek Team Championship"]
[Site "chess24.com"]
[Date "2017.07.03"]
[Round "1"]
[White "Nikolaidou, Maria"]
[Black "Tsolaki, Eleni"]
[Result "0-1"]
[Board "6"]
[WhiteElo "1259"]
[WhiteCountry "GRE"]
[WhiteFideId "4240022"]
[WhiteEloChange "-2"]
[BlackElo "1766"]
[BlackCountry "GRE"]
[BlackFideId "4218892"]
[BlackEloChange "2"]

1. d4 {[%clk 1:30:56]} Nf6 {[%clk 1:30:50]} 2. Nf3 {[%clk 1:31:21]} e6 {[%clk
1:31:10]} 3. Bf4 {[%clk 1:31:39]} b6 {[%clk 1:31:05]} 4. e3 {[%clk 1:31:53]} Bb7
{[%clk 1:30:47]} 5. Nbd2 {[%clk 1:32:09]} Be7 {[%clk 1:27:56]} 6. h3 {[%clk
1:27:29]} O-O {[%clk 1:25:19]} 7. Bd3 {[%clk 1:27:22]} c5 {[%clk 1:20:01]} 8. c3
{[%clk 1:26:20]} Nc6 {[%clk 1:05:43]} 9. O-O {[%clk 1:25:55]} d5 {[%clk 0:59:21]}
10. Re1 {[%clk 1:19:52]} Rc8 {[%clk 0:49:43]} 11. e4 {[%clk 1:09:45]} cxd4 {[%clk
0:35:32]} 12. cxd4 {[%clk 0:41:02]} dxe4 {[%clk 0:29:20]} 13. Nxe4 {[%clk
0:35:47]} Nd5 {[%clk 0:19:52]} 14. Be3 {[%clk 0:25:04]} Ncb4 {[%clk 0:16:33]} 15.
Bb1 {[%clk 0:16:32]} Qc7 {[%clk 0:12:46]} 16. Qb3 {[%clk 0:06:28]} Nxe3 {[%clk
0:10:37]} 17. Qxe3 {[%clk 0:03:34]} Nc2 {[%clk 0:08:25]} 18. Bxc2 {[%clk
0:03:47]} Qxc2 {[%clk 0:08:50]} 19. Re2 {[%clk 0:03:05]} Qxe4 {[%clk 0:08:29]}
20. Qxe4 {[%clk 0:03:24]} Bxe4 {[%clk 0:08:57]} 21. Rxe4 {[%clk 0:03:42]} Rc2
{[%clk 0:08:35]} 22. b3 {[%clk 0:02:47]} Rfc8 {[%clk 0:07:29]} 23. Ree1 {[%clk
0:02:52]} Bb4 {[%clk 0:05:45]} 24. Red1 {[%clk 0:02:41]} Ba3 {[%clk 0:03:44]} 25.
d5 {[%clk 0:01:23]} Bc5 {[%clk 0:01:57]} 26. Nd4 {[%clk 0:00:57]} Bxd4 {[%clk
0:01:07]} 27. Rxd4 {[%clk 0:01:21]} exd5 {[%clk 0:00:56]} 28. Rxd5 {[%clk
0:01:45]} Kf8 {[%clk 0:01:12]} 29. Re5 {[%clk 0:00:51]} Re8 {[%clk 0:00:42]} 30.
Rxe8+ {[%clk 0:00:44]} Kxe8 {[%clk 0:01:12]} 31. Kf1 {[%clk 0:00:58]} Kd7 {[%clk
0:01:36]} 32. Ke1 {[%clk 0:01:17]} Kc6 {[%clk 0:01:53]} 33. a3 {[%clk 0:00:58]}
Kc5 {[%clk 0:01:44]} 34. Rd1 {[%clk 0:00:57]} Ra2 {[%clk 0:01:31]} 35. a4 {[%clk
0:00:48]} Kb4 {[%clk 0:00:59]} 36. Rd7 {[%clk 0:01:08]} a5 {[%clk 0:01:04]} 37.
Rxf7 {[%clk 0:00:51]} Kxb3 {[%clk 0:01:26]} 38. Rxg7 {[%clk 0:00:55]} Rxa4 {[%clk
0:01:08]} 39. g4 {[%clk 0:00:40]} Re4+ {[%clk 0:01:19]} 40. Kf1 {[%clk 0:30:36]}
a4 {[%clk 0:31:24]} 41. Rxh7 {[%clk 0:24:51]} a3 {[%clk 0:30:55]} 42. Rh6 {[%clk
0:25:15]} a2 {[%clk 0:30:32]} 43. Rxb6+ {[%clk 0:25:36]} Rb4 {[%clk 0:30:52]} 44.
Ra6 {[%clk 0:25:35]} Ra4 {[%clk 0:31:12]} 45. Rxa4 {[%clk 0:25:37]} Kxa4 {[%clk
0:31:40]} 0-1

[Event "Greek Team Championship"]
[Site "chess24.com"]
[Date "2017.07.03"]
[Round "1"]
[White "Galani, Dimitra"]
[Black "Batsi, Eleni"]
[Result "1-0"]
[Board "7"]
[WhiteElo "1501"]
[WhiteCountry "GRE"]
[WhiteFideId "4283368"]
[WhiteEloChange "2"]
[BlackElo "1019"]
[BlackCountry "GRE"]
[BlackFideId "25837532"]
[BlackEloChange "-2"]

1. e4 {[%clk 1:30:56]} c5 {[%clk 1:30:51]} 2. Nf3 {[%clk 1:31:07]} e6 {[%clk
1:31:12]} 3. d4 {[%clk 1:31:04]} cxd4 {[%clk 1:31:33]} 4. Nxd4 {[%clk 1:31:27]}
Nf6 {[%clk 1:31:51]} 5. Nc3 {[%clk 1:31:47]} Nc6 {[%clk 1:31:44]} 6. Be2 {[%clk
1:28:42]} a6 {[%clk 1:26:09]} 7. O-O {[%clk 1:27:12]} Qc7 {[%clk 1:21:59]} 8. Be3
{[%clk 1:19:23]} Be7 {[%clk 1:18:41]} 9. f4 {[%clk 1:15:26]} d6 {[%clk 0:59:44]}
10. Bf3 {[%clk 0:56:01]} Nxd4 {[%clk 0:53:51]} 11. Bxd4 {[%clk 0:54:23]} e5
{[%clk 0:48:12]} 12. fxe5 {[%clk 0:42:01]} dxe5 {[%clk 0:48:30]} 13. Be3 {[%clk
0:42:07]} O-O {[%clk 0:30:35]} 14. Qe1 {[%clk 0:40:16]} Bc5 {[%clk 0:25:34]} 15.
Kh1 {[%clk 0:39:14]} Bxe3 {[%clk 0:25:32]} 16. Qxe3 {[%clk 0:39:42]} Be6 {[%clk
0:19:01]} 17. Rad1 {[%clk 0:23:00]} Rfd8 {[%clk 0:17:22]} 18. Qg5 {[%clk
0:17:22]} Ne8 {[%clk 0:08:00]} 19. Nd5 {[%clk 0:12:39]} Bxd5 {[%clk 0:03:50]} 20.
exd5 {[%clk 0:12:57]} Qxc2 {[%clk 0:02:44]} 21. Qxe5 {[%clk 0:13:18]} Qc5 {[%clk
0:02:35]} 22. Rc1 {[%clk 0:10:00]} Qd6 {[%clk 0:02:08]} 23. Qd4 {[%clk 0:08:30]}
Nf6 {[%clk 0:02:02]} 24. Rfd1 {[%clk 0:08:31]} Rd7 {[%clk 0:01:43]} 25. h3 {[%clk
0:03:54]} Rad8 {[%clk 0:01:16]} 26. Rc3 {[%clk 0:03:51]} h6 {[%clk 0:00:38]} 27.
Rc5 {[%clk 0:03:10]} Qe7 {[%clk 0:00:39]} 28. Qc4 {[%clk 0:01:59]} Rd6 {[%clk
0:00:35]} 29. Rc7 {[%clk 0:01:34]} Qe8 {[%clk 0:00:57]} 30. Rxb7 {[%clk 0:01:44]}
Qe5 {[%clk 0:00:51]} 31. Rc7 {[%clk 0:00:50]} 1-0

[Event "Greek Team Championship"]
[Site "chess24.com"]
[Date "2017.07.03"]
[Round "1"]
[White "Nikolaou, Alexandros"]
[Black "Paterakis, Emmanouil"]
[Result "1/2-1/2"]
[Board "8"]
[WhiteElo "1540"]
[WhiteCountry "GRE"]
[WhiteFideId "4261674"]
[WhiteEloChange "7"]
[BlackElo "1857"]
[BlackCountry "GRE"]
[BlackFideId "4259718"]
[BlackEloChange "-7"]

1. d4 {[%clk 1:30:30]} Nf6 {[%clk 1:30:30]} 2. Nf3 {[%clk 1:30:30]} g6 {[%clk
1:30:30]} 3. Bg5 {[%clk 1:30:30]} Bg7 {[%clk 1:30:30]} 4. Nbd2 {[%clk 1:30:30]}
d6 {[%clk 1:30:30]} 5. e4 {[%clk 1:30:30]} O-O {[%clk 1:30:30]} 6. c3 {[%clk
1:30:30]} Nbd7 {[%clk 1:30:30]} 7. Be2 {[%clk 1:30:30]} c6 {[%clk 1:30:30]} 8.
O-O {[%clk 1:30:30]} e5 {[%clk 1:30:30]} 9. dxe5 {[%clk 1:30:30]} dxe5 {[%clk
1:30:30]} 10. Qc2 {[%clk 1:30:30]} Qc7 {[%clk 1:30:30]} 11. Nc4 {[%clk 1:30:30]}
Re8 {[%clk 1:30:30]} 12. Rad1 {[%clk 1:30:30]} b5 {[%clk 1:30:30]} 13. Nd6 {[%clk
1:30:30]} Re6 {[%clk 1:30:30]} 14. Nxc8 {[%clk 1:30:30]} Rxc8 {[%clk 1:30:30]}
15. Rfe1 {[%clk 1:30:30]} Nc5 {[%clk 1:30:30]} 16. Bxf6 {[%clk 1:30:30]} Bxf6
{[%clk 1:30:30]} 17. b4 {[%clk 1:30:30]} Nb7 {[%clk 1:30:30]} 18. c4 {[%clk
1:30:30]} bxc4 {[%clk 1:30:30]} 19. Bxc4 {[%clk 1:30:30]} Rd6 {[%clk 1:30:30]}
20. Rxd6 {[%clk 1:30:30]} Nxd6 {[%clk 1:30:30]} 21. Bb3 {[%clk 1:30:30]} Qb6
{[%clk 1:30:30]} 22. Qc3 {[%clk 1:30:30]} Rb8 {[%clk 1:30:30]} 23. Ba4 {[%clk
1:30:30]} Qxb4 {[%clk 1:30:30]} 24. Qxb4 {[%clk 1:30:30]} Rxb4 {[%clk 1:30:30]}
25. Bxc6 {[%clk 1:30:30]} Nb5 {[%clk 1:30:30]} 26. h3 {[%clk 1:30:30]} Nc3 {[%clk
1:30:30]} 27. a3 {[%clk 1:30:30]} Rb3 {[%clk 1:30:30]} 28. Ra1 {[%clk 1:30:30]}
Rb6 {[%clk 1:30:30]} 29. Ba8 {[%clk 1:30:30]} Rb8 {[%clk 1:30:30]} 30. Bc6 {[%clk
1:30:30]} Rc8 {[%clk 1:30:30]} 31. Bb7 {[%clk 1:30:30]} Rc7 {[%clk 1:30:30]} 32.
Ba8 {[%clk 1:30:30]} Na4 {[%clk 1:30:30]} 33. Bd5 {[%clk 1:30:30]} Nb6 {[%clk
1:30:30]} 34. Bb3 {[%clk 1:30:30]} Rc3 {[%clk 1:30:30]} 35. Rb1 {[%clk 1:30:30]}
Nc4 {[%clk 1:30:30]} 36. a4 {[%clk 1:30:30]} Na3 {[%clk 1:30:30]} 37. Rb2 {[%clk
1:30:30]} Rc1+ {[%clk 1:30:30]} 38. Kh2 {[%clk 1:30:30]} Rb1 {[%clk 1:30:30]} 39.
Rxb1 {[%clk 1:30:30]} Nxb1 {[%clk 1:30:30]} 40. Bd5 {[%clk 1:30:30]} Nc3 {[%clk
1:30:30]} 41. Bc6 {[%clk 1:30:30]} Kf8 {[%clk 1:30:30]} 42. Nd2 {[%clk 1:30:30]}
Ke7 {[%clk 1:30:30]} 43. Nc4 {[%clk 1:30:30]} Bg7 {[%clk 1:30:30]} 44. f3 {[%clk
1:30:30]} Kd8 {[%clk 1:30:30]} 45. g4 {[%clk 1:30:30]} Kc7 {[%clk 1:30:30]} 46.
Be8 {[%clk 1:30:30]} f6 {[%clk 1:30:30]} 47. Kg2 {[%clk 1:30:30]} Bf8 {[%clk
1:30:30]} 1/2-1/2

[Event "Greek Team Championship"]
[Site "chess24.com"]
[Date "2017.07.03"]
[Round "1"]
[White "Triantafilidis, Mihail"]
[Black "Karamanis, Ioannis-Marios"]
[Result "1/2-1/2"]
[Board "9"]
[WhiteElo "1900"]
[WhiteCountry "GRE"]
[WhiteFideId "4282930"]
[WhiteEloChange "-8"]
[BlackElo "1536"]
[BlackCountry "GRE"]
[BlackFideId "4289501"]
[BlackEloChange "8"]

1. e4 {[%clk 1:30:30]} c5 {[%clk 1:30:30]} 2. Nf3 {[%clk 1:30:30]} e6 {[%clk
1:30:30]} 3. d4 {[%clk 1:30:30]} cxd4 {[%clk 1:30:30]} 4. Nxd4 {[%clk 1:30:30]}
Nc6 {[%clk 1:30:30]} 5. Nc3 {[%clk 1:30:30]} Qc7 {[%clk 1:30:30]} 6. Be3 {[%clk
1:30:30]} a6 {[%clk 1:30:30]} 7. Be2 {[%clk 1:30:30]} Be7 {[%clk 1:30:30]} 8. O-O
{[%clk 1:30:30]} b5 {[%clk 1:30:30]} 9. f4 {[%clk 1:30:30]} Bb7 {[%clk 1:30:30]}
10. Bf3 {[%clk 1:30:30]} Rc8 {[%clk 1:30:30]} 11. Nxc6 {[%clk 1:30:30]} Bxc6
{[%clk 1:30:30]} 12. Qd4 {[%clk 1:30:30]} Nf6 {[%clk 1:30:30]} 13. e5 {[%clk
1:30:30]} Bxf3 {[%clk 1:30:30]} 14. Rxf3 {[%clk 1:30:30]} Ng4 {[%clk 1:30:30]}
15. Kh1 {[%clk 1:30:30]} Nxe3 {[%clk 1:30:30]} 16. Qxe3 {[%clk 1:30:30]} b4
{[%clk 1:30:30]} 17. Ne4 {[%clk 1:30:30]} Qxc2 {[%clk 1:30:30]} 18. Rf2 {[%clk
1:30:30]} Qc6 {[%clk 1:30:30]} 19. Rd1 {[%clk 1:30:30]} Bc5 {[%clk 1:30:30]} 20.
Nxc5 {[%clk 1:30:30]} Qxc5 {[%clk 1:30:30]} 21. Qd3 {[%clk 1:30:30]} O-O {[%clk
1:30:30]} 22. Rfd2 {[%clk 1:30:30]} Qc4 {[%clk 1:30:30]} 23. Qxd7 {[%clk
1:30:30]} g6 {[%clk 1:30:30]} 24. Rd4 {[%clk 1:30:30]} Qxa2 {[%clk 1:30:30]} 25.
Rxb4 {[%clk 1:30:30]} Rcd8 {[%clk 1:30:30]} 26. Qxd8 {[%clk 1:30:30]} Rxd8 {[%clk
1:30:30]} 27. Rxd8+ {[%clk 1:30:30]} Kg7 {[%clk 1:30:30]} 28. h3 {[%clk 1:30:30]}
a5 {[%clk 1:30:30]} 29. Rbd4 {[%clk 1:30:30]} Qxb2 {[%clk 1:30:30]} 30. Kh2
{[%clk 1:30:30]} h5 {[%clk 1:30:30]} 31. Rd2 {[%clk 1:30:30]} Qc3 {[%clk
1:30:30]} 32. R8d3 {[%clk 1:30:30]} Qc4 {[%clk 1:30:30]} 33. Rd4 {[%clk 1:30:30]}
Qc3 {[%clk 1:30:30]} 34. R2d3 {[%clk 1:30:30]} Qc2 {[%clk 1:30:30]} 35. Rd2
{[%clk 1:30:30]} Qc3 {[%clk 1:30:30]} 36. R4d3 {[%clk 1:30:30]} Qc4 {[%clk
1:30:30]} 37. g3 {[%clk 1:30:30]} h4 {[%clk 1:30:30]} 38. Rd4 {[%clk 1:30:30]}
hxg3+ {[%clk 1:30:30]} 39. Kxg3 {[%clk 1:30:30]} Qc3+ {[%clk 1:30:30]} 40. R4d3
{[%clk 1:30:30]} Qc1 {[%clk 1:30:30]} 41. Rd1 {[%clk 1:30:30]} Qc2 {[%clk
1:30:30]} 42. R1d2 {[%clk 1:30:30]} Qc1 {[%clk 1:30:30]} 43. Rd1 {[%clk 1:30:30]}
Qc2 {[%clk 1:30:30]} 44. R3d2 {[%clk 1:30:30]} Qc3+ {[%clk 1:30:30]} 45. Rd3
{[%clk 1:30:30]} Qc2 {[%clk 1:30:30]} 46. R1d2 {[%clk 1:30:30]} Qc1 {[%clk
1:30:30]} 47. Rd1 {[%clk 1:30:30]} 1/2-1/2

[Event "Greek Team Championship"]
[Site "chess24.com"]
[Date "2017.07.03"]
[Round "1"]
[White "Nikolaou, Theodoros"]
[Black "Kalogridis, Antonios"]
[Result "0-1"]
[Board "10"]
[WhiteElo "1143"]
[WhiteCountry "GRE"]
[WhiteFideId "25801139"]
[WhiteEloChange "-2"]
[BlackElo "1492"]
[BlackCountry "GRE"]
[BlackFideId "25833901"]
[BlackEloChange "2"]

1. d4 {[%clk 1:30:50]} e6 {[%clk 1:26:22]} 2. Nf3 {[%clk 1:30:57]} b6 {[%clk
1:26:33]} 3. Bg5 {[%clk 1:28:58]} Be7 {[%clk 1:26:17]} 4. Bxe7 {[%clk 1:28:38]}
Qxe7 {[%clk 1:25:34]} 5. c3 {[%clk 1:28:16]} Bb7 {[%clk 1:25:40]} 6. Nbd2 {[%clk
1:26:40]} f5 {[%clk 1:25:30]} 7. e3 {[%clk 1:26:31]} Nf6 {[%clk 1:25:43]} 8. Bd3
{[%clk 1:23:32]} O-O {[%clk 1:25:43]} 9. O-O {[%clk 1:22:51]} h6 {[%clk 1:23:34]}
10. Ne5 {[%clk 1:21:04]} Qe8 {[%clk 1:23:23]} 11. Qc2 {[%clk 1:15:47]} g5 {[%clk
1:20:47]} 12. f4 {[%clk 1:07:27]} g4 {[%clk 1:20:18]} 13. e4 {[%clk 1:07:27]} d6
{[%clk 1:19:02]} 14. Nec4 {[%clk 0:48:59]} fxe4 {[%clk 1:18:44]} 15. Be2 {[%clk
0:40:15]} Ba6 {[%clk 1:12:55]} 16. Nb3 {[%clk 0:32:13]} Qg6 {[%clk 1:07:25]} 17.
Ne3 {[%clk 0:31:35]} Nd5 {[%clk 1:06:44]} 18. Nxd5 {[%clk 0:19:09]} exd5 {[%clk
1:06:43]} 19. c4 {[%clk 0:18:42]} Nc6 {[%clk 1:04:13]} 20. a3 {[%clk 0:15:28]}
Ne7 {[%clk 1:03:26]} 21. cxd5 {[%clk 0:12:52]} Bxe2 {[%clk 1:03:20]} 22. Qxe2
{[%clk 0:12:49]} Nxd5 {[%clk 1:03:35]} 23. g3 {[%clk 0:11:15]} h5 {[%clk
1:01:46]} 24. Rf2 {[%clk 0:11:09]} Rae8 {[%clk 1:00:56]} 25. Qc4 {[%clk 0:10:19]}
Qf7 {[%clk 1:00:57]} 26. Re1 {[%clk 0:09:17]} Kh8 {[%clk 1:00:01]} 27. Rfe2
{[%clk 0:08:28]} Nxf4 {[%clk 1:00:02]} 28. Rc2 {[%clk 0:07:12]} Nh3+ {[%clk
0:58:55]} 29. Kg2 {[%clk 0:07:02]} Qf3# {[%clk 0:59:02]} 0-1

[Event "Greek Team Championship"]
[Site "chess24.com"]
[Date "2017.07.03"]
[Round "1"]
[White "Georganas, Panayotis"]
[Black "Nikolov, Momchil"]
[Result "0-1"]
[Board "1"]
[WhiteElo "2018"]
[WhiteCountry "GRE"]
[WhiteFideId "4269870"]
[WhiteEloChange "-2"]
[BlackElo "2567"]
[BlackTitle "GM"]
[BlackCountry "BUL"]
[BlackFideId "2905710"]
[BlackEloChange "1"]

1. e4 {[%clk 1:30:47]} c5 {[%clk 1:30:50]} 2. Nf3 {[%clk 1:31:05]} Nc6 {[%clk
1:31:14]} 3. d4 {[%clk 1:31:22]} cxd4 {[%clk 1:31:37]} 4. Nxd4 {[%clk 1:31:43]}
Qb6 {[%clk 1:32:00]} 5. Nxc6 {[%clk 1:30:52]} bxc6 {[%clk 1:31:54]} 6. Bd3 {[%clk
1:30:44]} Nf6 {[%clk 1:28:10]} 7. O-O {[%clk 1:30:38]} e5 {[%clk 1:26:53]} 8. Nc3
{[%clk 1:30:10]} d6 {[%clk 1:26:07]} 9. Rb1 {[%clk 1:30:10]} Be7 {[%clk 1:25:14]}
10. Be3 {[%clk 1:28:42]} Qc7 {[%clk 1:25:23]} 11. f3 {[%clk 1:25:47]} Be6 {[%clk
1:22:14]} 12. Qe2 {[%clk 1:15:40]} O-O {[%clk 1:21:51]} 13. Bf2 {[%clk 1:14:42]}
Nh5 {[%clk 1:19:42]} 14. g3 {[%clk 1:14:26]} Nf6 {[%clk 1:19:23]} 15. Bc4 {[%clk
1:12:50]} d5 {[%clk 1:18:23]} 16. exd5 {[%clk 1:13:10]} cxd5 {[%clk 1:18:45]} 17.
Bb3 {[%clk 1:12:44]} Bb4 {[%clk 1:09:56]} 18. Nd1 {[%clk 1:04:57]} Bh3 {[%clk
1:09:41]} 19. Ne3 {[%clk 1:04:09]} Bxf1 {[%clk 1:08:56]} 20. Rxf1 {[%clk
1:04:35]} Rad8 {[%clk 1:08:15]} 21. Rd1 {[%clk 1:03:45]} Qc6 {[%clk 1:06:40]} 22.
Nf5 {[%clk 1:02:17]} Rfe8 {[%clk 1:05:46]} 23. Qe3 {[%clk 1:00:54]} g6 {[%clk
1:01:41]} 24. Nh6+ {[%clk 0:53:32]} Kg7 {[%clk 1:01:49]} 25. Qg5 {[%clk 0:52:27]}
Ng8 {[%clk 0:58:02]} 26. Nf5+ {[%clk 0:49:23]} Kh8 {[%clk 0:57:59]} 27. Ne3
{[%clk 0:49:14]} d4 {[%clk 0:48:51]} 28. Bxf7 {[%clk 0:38:22]} Qxf3 {[%clk
0:44:27]} 29. Bxe8 {[%clk 0:37:59]} dxe3 {[%clk 0:39:18]} 30. Qxd8 {[%clk
0:38:03]} Qxf2+ {[%clk 0:39:33]} 31. Kh1 {[%clk 0:38:22]} Qf3+ {[%clk 0:39:32]}
32. Kg1 {[%clk 0:37:28]} e2 {[%clk 0:39:29]} 0-1

[Event "Greek Team Championship"]
[Site "chess24.com"]
[Date "2017.07.03"]
[Round "1"]
[White "Markidis, Konstantinos"]
[Black "Hararis, Georgios"]
[Result "1-0"]
[Board "2"]
[WhiteElo "2370"]
[WhiteCountry "GRE"]
[WhiteFideId "4203500"]
[WhiteEloChange "2"]
[BlackElo "1901"]
[BlackCountry "GRE"]
[BlackFideId "4254317"]
[BlackEloChange "-2"]

1. e4 {[%clk 1:30:30]} c5 {[%clk 1:30:30]} 2. Nf3 {[%clk 1:30:30]} e6 {[%clk
1:30:30]} 3. g3 {[%clk 1:30:30]} d6 {[%clk 1:30:30]} 4. Bg2 {[%clk 1:30:30]} Nf6
{[%clk 1:30:30]} 5. Qe2 {[%clk 1:30:30]} Be7 {[%clk 1:30:30]} 6. O-O {[%clk
1:30:30]} O-O {[%clk 1:30:30]} 7. c3 {[%clk 1:30:30]} Nbd7 {[%clk 1:30:30]} 8. d4
{[%clk 1:30:30]} Qc7 {[%clk 1:30:30]} 9. e5 {[%clk 1:30:30]} dxe5 {[%clk
1:30:30]} 10. dxe5 {[%clk 1:30:30]} Nd5 {[%clk 1:30:30]} 11. c4 {[%clk 1:30:30]}
Nb4 {[%clk 1:30:30]} 12. Nc3 {[%clk 1:30:30]} a6 {[%clk 1:30:30]} 13. Bf4 {[%clk
1:30:30]} Nb8 {[%clk 1:30:30]} 14. Rfd1 {[%clk 1:30:30]} Rd8 {[%clk 1:30:30]} 15.
Rxd8+ {[%clk 1:30:30]} Qxd8 {[%clk 1:30:30]} 16. Rd1 {[%clk 1:30:30]} Qc7 {[%clk
1:30:30]} 17. h4 {[%clk 1:30:30]} N4c6 {[%clk 1:30:30]} 18. Ne4 {[%clk 1:30:30]}
Qb6 {[%clk 1:30:30]} 19. Nd6 {[%clk 1:30:30]} Bxd6 {[%clk 1:30:30]} 20. Rxd6
{[%clk 1:30:30]} Nd7 {[%clk 1:30:30]} 21. h5 {[%clk 1:30:30]} Nf8 {[%clk
1:30:30]} 22. h6 {[%clk 1:30:30]} Ng6 {[%clk 1:30:30]} 23. hxg7 {[%clk 1:30:30]}
Qc7 {[%clk 1:30:30]} 24. Qd2 {[%clk 1:30:30]} Kxg7 {[%clk 1:30:30]} 25. Bg5
{[%clk 1:30:30]} Ncxe5 {[%clk 1:30:30]} 26. Nxe5 {[%clk 1:30:30]} Nxe5 {[%clk
1:30:30]} 27. Bh6+ {[%clk 1:30:30]} 1-0